000 01167nam a2200313Ia 4500
001 ebr10120249
003 CaPaEBR
005 20251022013157.0
006 m u
007 cr cn|||||||||
008 050905s2006 enk s 000 0 eng d
020 _z0749445114 (pbk.)
040 _aCaPaEBR
_cCaPaEBR
035 _a(OCoLC)647484084
050 1 4 _aHF5549
_b.A76 2006eb
082 0 4 _a658.3
_222
090 _c148496
_d119748
100 1 _aArmstrong, Michael,
_d1928-
_938714
245 1 0 _aStrategic human resource management
_h[electronic resource] :
_ba guide to action /
_cMichael Armstrong.
250 _a3rd ed.
260 _aLondon :
_bKogan Page,
_c2006.
300 _avii, 194 p.
500 _aPrevious ed.: 2000.
533 _aElectronic reproduction.
_bPalo Alto, Calif. :
_cebrary,
_d2009.
_nAvailable via World Wide Web.
_nAccess may be limited to ebrary affiliated libraries.
650 0 _aPersonnel management.
_9443
650 0 _aStrategic planning.
655 7 _aElectronic books.
_2local
_9190
856 4 0 _uhttp://site.ebrary.com/lib/strathmore/Doc?id=10120249
_zAn electronic book accessible through the World Wide Web; click to view
999 _c148496
_d119748